000
00253nam a2200097Ia 4500
001
1207232
005
20250827022821.0
008
250824s9999 xx 000 0 und d
245
0
_a
SIR SAHİBİNE VERİLİR
_c
HÜLYA GÖZAÇAN
260
_b
DESTEK YAYINLARI
999
_c
1207232
_d
1207232